Ben 10 - Original Series Aliens - Statistics

General Stats
  • This quiz has been taken 64 times
  • The average score is 16 of 19
Answer Stats
Answer % Correct
Heatblast
100%
Diamondhead
98%
Four Arms
96%
Grey Matter
96%
XLR8
92%
Stinkfly
90%
Wildmutt
90%
Ghostfreak
86%
Ripjaws
82%
Upgrade
82%
Way Big
82%
Cannonbolt
80%
Benwolf (Blitzwolfer)
76%
Wildvine
76%
Benmummy (Snare-oh)
68%
Benviktor (Frankenstrike)
66%
Ditto
66%
Eye Guy
66%
Upchuck
60%
No matching quizzes found
Score Distribution
Percent of People with Each Score
Percentile by Number Answered
Your Score History
You have not taken this quiz